Countries where ChatGPT is Banned - Statistics

General Stats
  • This quiz has been taken 65 times
  • The average score is 11 of 18
Answer Stats
Country % Correct
China
98%
North Korea
93%
Russia
88%
Iran
81%
Afghanistan
71%
Cuba
62%
Democratic Republic of the Congo
60%
Yemen
60%
Syria
55%
South Sudan
53%
Eritrea
52%
Libya
52%
Sudan
52%
Bhutan
50%
Chad
50%
Central African Republic
48%
Burundi
36%
Eswatini
28%
No matching quizzes found
Score Distribution
Percent of People with Each Score
Percentile by Number Answered
Your Score History
You have not taken this quiz